Visualizzazione normale
Vista MARC
- Piatti Mario
di Personal Name
Records bibliografici associati: 1
001 - CONTROL NUMBER
- control field: 18242
003 - CONTROL NUMBER IDENTIFIER
- control field: IT-RoPau
005 - DATE AND TIME OF LATEST TRANSACTION
- control field: 20140402094435.0
008 - FIXED-LENGTH DATA ELEMENTS
- fixed length control field: 140402|| aca||aabn | a|a d
040 ## - CATALOGING SOURCE
- Original cataloging agency: IT-RoPau
- Transcribing agency: IT-RoPau
100 ## - HEADING--PERSONAL NAME
- Personal name: Piatti Mario
- Relator term: Autore
- Miscellaneous information: Codice autore SPICS: 11071
670 ## - SOURCE DATA FOUND
- Source citation: Work cat.: (IT-RoPau)101893: Rodari Gianni 18238, Teste fiorite-Filastrocche musicali